| 000 | 00551nam a2200181Ia 4500 | ||
|---|---|---|---|
| 999 |
_c29322 _d29322 |
||
| 003 | OSt | ||
| 005 | 20201209151409.0 | ||
| 008 | 190216s9999||||xx |||||||||||||| ||und|| | ||
| 020 | _a9788182644694 | ||
| 040 | _coclc | ||
| 082 |
_a894.8124 _bVEE/A |
||
| 100 |
_aVeerdendrakumar, M P _96723 |
||
| 245 | 0 |
_aAmazonum Kure Vyakulathakalum / _cM P Veerdendrakumar |
|
| 260 |
_bMathrubhumi Printing And Publishing, _aKozhikode: _c2007. |
||
| 300 | _a160p | ||
| 650 | _aLekhanam | ||
| 942 |
_cBK _2ddc _h894.8124 _iVEE/A _k894.8124 _mVEE/A |
||